00788cam a22002291 450000100060000000300080000600500170001400800410003103500190007203500190009104000340011004100080014408200200015211000380017224500450021026000660025530000520032150000500037350000610042365000430048465000310052716681BD-RjUL20211209000035.0140215s1951 dcuk f 000 0 eng  a(BD-RjUL)16736 a(OCoLC)2553923 aDLCcNmUdOCoLCdBD-RjULbeng aeng a720.2bHAN 19512 aAmerican Institute of Architects.14aThe handbook of architectural practice / aWashington, D.C.,bThe American Institute of Architectsc1951 a5 p. l., 13-204 p. incl. forms l :c28 x 22 cm. a"First edition 1920 ... Fourth edition 1943." a"Appendices" (A.I.A. documents and forms): p. [93]-[199] 0aArchitecturevHandbooks, manuals, etc. 0aBuildingsvSpecifications.